000 00288nam a2200133Ia 4500
100 _aKhurmi/R.S
942 _cBK
654 _aFluid
245 _afluid mechanics and hydraulic machines
260 _bLaxmi
_aNew Delhi
_c1987
082 _a532
_bBAN
300 _a1154
546 _aENGLISH
999 _c26120
_d26120